El derecho a la intimidad de Warren y Brandeis, traduttore, traditore y notas

Detalles Bibliográficos
Autor principal: Pizarro Moreno, Eugenio
Formato: eBook
Lenguaje:español
Publicado: Madrid: Dykinson, 2022
Materias:
Acceso en línea:Acceso restringido

MARC

LEADER 00000nam a22000007a 4500
005 20220824234931.0
007 cr|||| ||||
008 220824s2022 ea |||||s|||| 00||0 spa d
020 |a 978-84-1377-991-1 
035 |a 36677 
040 |a vLex 
090 |c 13828  |d 13828 
100 1 |a Pizarro Moreno, Eugenio 
245 1 2 |a El derecho a la intimidad de Warren y Brandeis, traduttore, traditore y notas  |h [Recurso electrn̤ico] /  |c Eugenio Pizarro Moreno 
256 |a Servicio en ln̕ea 
260 |a Madrid:  |b Dykinson,  |c 2022 
300 |a 1 recurso electrn̤ico 
500 |a El derecho a la intimidad sigue siendo, siglo y medio despuš, una prc̀tica en busca de una teora̕. La sensacin̤ del investigador o del profesional que se acerca a su estudio se encuentra con una triple barrera de entrada: la constante colisin̤ con otros derechos fundamentales (libertad de expresin̤ vs. derechos de la personalidad, lo que ahonda en su perspectiva constitucional), la interrelacin̤ de lm̕ites insalvables con la irrupcin̤ de nuevas realidades (intimidad y proteccin̤ de datos; intimidad y seguridad; intimidad y propiedad intelectual, lo que ha llevado ya a alguna doctrina extranjera a hablar de ±privacidad intelectual»), y la certeza de que estamos ante un derecho inabordable (pšima regulacin̤ legal y dubitativa jurisprudencia, legislador hiperactivo –nacional, europeo, etc.–, universalizacin̤ jurd̕ica...), por sus ml︢tiples aristas. Pues bien, la n︢ica forma de ordenar su adecuada confeccin̤ jurd̕ica es recaudir al cls̀ico de Warren y Brandeis, el artc̕ulo cientf̕ico ms̀ led̕o de la Historia del Derecho; en ese sentido, este trabajo sigue siendo insuperable. 
506 1 |a Disponible solo en los productos indicados  |d vLex Global  |d vLex Global (Academic Edition, excluding Law Schools)  |d vLex Global (U.S. Academic Edition, Law Schools)  |d vLex Global (U.S. Academic Edition, excluding Law Schools)  |d vLex Global (Academic Edition, Law Schools) 
650 0 4 |a Derecho Civil  |z Espaą 
650 0 4 |a Derecho Internacional  |z Espaą 
740 0 |a vLex Libros (Servicio en ln̕ea) 
856 4 0 |u https://app.vlex.com/#/sources/36677  |z Acceso restringido 
942 |c BOOK 
999 0 |a Civil Law 
999 0 |a International Law